000 00288nam a2200121Ia 4500
005 20251222155055.0
008 251222s9999||||xx |||||||||||||| ||spa||
082 _aMAN. 04
100 _aMinisterio Salud.
245 0 _aDias Nacionales de Vacunación
264 _bNo tiene
942 _cLIB
999 _c37455
_d37455